000
00289nam a2200133Ia 4500
100
_a
Milenkovic/ Milan
942
_c
BK
654
_a
Operating System
245
_a
Operating Systems
260
_b
Mc Graw Hill
_a
New York
_c
1992
082
_a
5.43
_b
PAN
546
_a
ENGLISH
999
_c
34426
_d
34426